01047cam a22003014a 4500999001700000001000900017003000400026005001700030008004100047010001700088020001800105040001800123043001200141050002100153082001500174100003500189245010400224250001200328260004300340300004000383500002000423650002900443650003300472650003300505906004500538942004000583952012200623 c28041d2804115912321OSt20170213122825.0090918s2010 nyua 001 0 eng  a 2009038816 a9781555953027 aDLCcDLCdDLC an-us---00aN6510.T6C58 200900a709.732221 aCleveland, David Adams.d2009.12aA history of American tonalism :b1880-1920 /cby David A. Cleveland ; foreword by John Wilmerding. a1st Ed. aNew York :bHudson Hills Press,c2009. axxix, 609 p. :bcol. ill. ;c31 cm. aIncludes index. 0aTonalismzUnited States. 0aArt, Americany19th century. 0aArt, Americany20th century. a7bcbccorignewd1eecipf20gy-gencatlg 2lcccBOOKShN6510.T6C58 2009k35835 00102lcc4070aMUCbMUCcTECHd2017-02-13eDonation(BFA)l0oN6510.T6C58 2009p35835r2018-07-11w2017-02-13yBOOKS